Cuentos de Canterbury / (Registro nro. 32546)
[ vista simple ]
| 000 -CABECERA | |
|---|---|
| campo fijo de control de longitud | 00690cam a22002411a 4500 |
| 001 - NÚMERO DE CONTROL | |
| campo de control | 32546 |
| 003 - IDENTIFICADOR DEL NÚMERO DE CONTROL | |
| campo de control | AR-RoBPED |
| 005 - FECHA Y HORADE LA ULTIMA TRANSACCION | |
| campo de control | 20260410105500.0 |
| 007 - | |
| campo fijo de control de longitud | ta |
| 008 - ELEMENTOS DE LONGITUD FIJA--INFORMACION GENERAL | |
| campo fijo de control de longitud | 050729s1971 sp |||||||||||||| 1|spa d |
| 040 ## - FUENTE CATALOGADORA | |
| Centro catalogador/agencia de origen | AR-BaBN |
| Convenciones de descripción | aacr |
| Agencia que realiza la modificación | AR-RoBPED |
| 041 ## - IDIOMA | |
| Código de idioma para texto/pista de sonido o título independiente | spa |
| 100 1# - ENCABEZAMIENTO PRINCIPAL--AUTOR PERSONAL | |
| Nombre de persona | Chaucer, Geoffrey, |
| Fechas nac-muerte | 1343-1400 |
| 9 (RLIN) | 15779 |
| 245 10 - TITULO | |
| Título | Cuentos de Canterbury / |
| Mención de responsabilidad | Geoffrey Chaucer |
| 260 ## - PUBLICACION | |
| Lugar | Navarra : |
| Editor | Salvat, |
| Fecha | 1971. |
| 300 ## - DESCRIPCION FISICA | |
| Extensión | 183 p. |
| 490 ## - SERIE | |
| Mención de serie | (Biblioteca básica Salvat ; |
| Designación de volumen o secuencia | 85) |
| 650 #7 - TERMINO DE MATERIA--CONTROLADO | |
| Término controlado | LITERATURA INGLESA |
| 9 (RLIN) | 444 |
| Término controlado | CUENTOS |
| 9 (RLIN) | 291 |
| 942 ## - ELEMENTOS KOHA | |
| Fuente de clasificación | Universal Decimal Classification |
| Número Koha | k. 32546 |
| Koha tipo de ítem | Libro |
| Clasificación | 820-3 |
| Parte de la signatura que identifica el ejemplar | Ej. 2 |
| Signatura librística | Ch 11 |
| Inventario | Inv. 42366 |
| 945 ## - PROCESAMIENTO DE LA INFORMACIÓN LOCAL | |
| Catalogador y fecha | mev 10/04/2026 |
| Estado retirado | Estado perdido | Fuente de clasificación | Estado dañado | No se presta | Biblioteca propietaria | Biblioteca de reserva | Fecha de adquisición | Procedencia | Total de préstamos | Signatura topográfica completa | Código de barras (nº de inventario) | Fecha visto por última vez | Catalogador y fecha | Tipo de ítem Koha | Nota pública |
|---|---|---|---|---|---|---|---|---|---|---|---|---|---|---|---|
| Universal Decimal Classification | Biblioteca Pedagógica Eudoro Díaz | Biblioteca Pedagógica Eudoro Díaz | 06/04/2026 | Donación | 820-3 Ch 11 Ej.2 | 42366 | 10/04/2026 | mev 10/04/2026 | Libro | Se presta 15 días. (El ejemplar 1 es de otra edición.) |